1922 1077 1588 1523 1100 1042 1008 1689 1883 1841 1585 1343 1164 1869 1878 1821 1202 1916 1761 1882 1180 1041 1776 1740 1169 1825 1065 1827 1543 1431 1050 1221 1149 1043 1575 1770 1849 1946 1542 1283 1265 1465 1276 1561 1988 1240 1243 1290 1598 1302 1258 1928 1884 1732 1558 1137 1123 1155 1895 1218 1709 1920 1920 1345 1543 1690 1719 1909 1490 1028 1656 1873 1768 1178 1743 1544 1856 1403 1673 1293 1395 1016 1601 1717 1566 1140 1911 1001 1039 1340 1577 1234 1347 1207 1386 1234 1484 1896 1177 BCNSPRNW ULIB Ver.6.0+V

เปลี่ยนเป็นภาษาไทย

Change to English
 แสดงรายละเอียดบรรณานุกรม
  กลับหน้าหลัก

Brief Record : Get Marc (ISO 2709) : E-mail record : QR code < ปิดหน้าต่าง
LEADER : 00000nam 2200000uu 4500
001    13399127523
003     ULIB
008    210113s||||||||th 000 0 tha d
020    ^a9786165681216
040    ^anss
060 04 ^aWY160^bก492
100 0  ^aผกาพันธุ์ วุฒิลักษณ์
245 10 ^aการพยาบาลผู้ป่วยโรคจิตเภท: บทบาทและกระบวนการ /^cผกาพันธุ์ วุฒิลักษณ์
250    ^aพิมพ์ครั้งที่ 3
260    ^aเชียงใหม่ :^bดีไซน์ปริ้นท์ มีเดีย,^c2563
300    ^aจ, 126 หน้า ;^c25 ซม.
650  4 ^aการพยาบาลจิตเวชศาสตร์
650  4 ^aจิตเภท
710 2  ^aมหาวิทยาลัยเชียงใหม่.^bคณะพยาบาลศาสตร์
945    ^p250^l0^i28421
945    ^p250^l0^i28422
945    ^p250^l0^i28423
945    ^p250^l0^i28424
945    ^p250^l0^i28425
995    ^aกัณชพร จุลอักษร
999    ^aกัณชพร
รายการนี้ยังไม่มีแท็ก
คุณยังไม่ได้ล็อกอิน คุณสามารถมีกิจกรรมร่วมกับเว็บไซต์ได้ แต่ต้องล็อกอินก่อน ::
  ล็อกอิน

รายการสื่อสารสนเทศ

ลำดับที่ ประเภท เลขเรียก/บาร์โค้ด สถานที่ สถานะ
1. หนังสือสำรอง
หนังสือสำรอง
WY160 ก492 ฉ.1 
  Barcode: 28421
ห้องสมุดวิทยาเขตนครสวรรค์
►หนังสือทั่วไป:l:General Books
บนชั้น
2. วิทยาศาสตร์การแพทย์ และสุขภาพ
วิทยาศาสตร์การแพทย์ และสุขภาพ
WY160 ก492 ฉ.2 
  Barcode: 28422
ห้องสมุดวิทยาเขตนครสวรรค์
►หนังสือทั่วไป:l:General Books
บนชั้น
3. วิทยาศาสตร์การแพทย์ และสุขภาพ
วิทยาศาสตร์การแพทย์ และสุขภาพ
WY160 ก492 ฉ.3 
  Barcode: 28423
ห้องสมุดวิทยาเขตนครสวรรค์
►หนังสือทั่วไป:l:General Books
บนชั้น
4. วิทยาศาสตร์การแพทย์ และสุขภาพ
วิทยาศาสตร์การแพทย์ และสุขภาพ
WY160 ก492 ฉ.4 
  Barcode: 28424
ห้องสมุดวิทยาเขตนครสวรรค์
►หนังสือทั่วไป:l:General Books
บนชั้น
5. วิทยาศาสตร์การแพทย์ และสุขภาพ
วิทยาศาสตร์การแพทย์ และสุขภาพ
WY160 ก492 ฉ.5 
  Barcode: 28425
ห้องสมุดวิทยาเขตนครสวรรค์
►หนังสือทั่วไป:l:General Books
บนชั้น

รายการใกล้เคียง
    ผู้แต่ง [ผกาพันธุ์ วุฒิลักษณ์]

    หัวเรื่อง [การพยาบาลจิตเวชศาสตร์]
    หัวเรื่อง [จิตเภท]

BibComment


ยังไม่เคยถูกคอมเมนท์

คอมเมนท์ทรัพยากรรายการนี้
  คอมเมนท์: การพยาบาลผู้ป่วย..


 Copyright 2026. Bcnsprnw @Library